Quản trị ngân hàng thương mại

Cuốn sách Quản trị ngân hàng thương mại nhằm cung cấp các vấn đề cơ bản về quản trị và nghiệp vụ của ngân hàng thương mại. Cuối mỗi chương đều có câu hỏi và bài tập nhỏ giúp bạn ôn lại những nội dung cơ bản của chương. Nghiên cứu nhu...

Disgrifiad llawn

Wedi'i Gadw mewn:
Manylion Llyfryddiaeth
Prif Awdur: Phan, Thị Thu Hà
Fformat: Llyfr
Iaith:Undetermined
Cyhoeddwyd: Hà Nội Giao thông vận tải 2009
Pynciau:
Tagiau: Ychwanegu Tag
Dim Tagiau, Byddwch y cyntaf i dagio'r cofnod hwn!
Thư viện lưu trữ: Trung tâm Học liệu Trường Đại học Cần Thơ
LEADER 01174nam a2200205Ia 4500
001 CTU_149269
008 210402s9999 xx 000 0 und d
020 |c 62000 
082 |a 332.12 
082 |b H100 
100 |a Phan, Thị Thu Hà 
245 0 |a Quản trị ngân hàng thương mại 
245 0 |c Phan Thị Thu Hà 
260 |a Hà Nội 
260 |b Giao thông vận tải 
260 |c 2009 
520 |a Cuốn sách Quản trị ngân hàng thương mại nhằm cung cấp các vấn đề cơ bản về quản trị và nghiệp vụ của ngân hàng thương mại. Cuối mỗi chương đều có câu hỏi và bài tập nhỏ giúp bạn ôn lại những nội dung cơ bản của chương. Nghiên cứu những thông tin hữu ích trong cuốn sách sẽ mang đến cái nhìn cặn kẽ về loại hình tổ chức này để có thể vận hành và quản lý ngân hàng hiệu quả. 
650 |a Banks and banking,Bank management,Ngân hàng 
904 |i Năm 
980 |a Trung tâm Học liệu Trường Đại học Cần Thơ